Statistics for Famous Crossdressers

Click here to take the quiz!

General Stats

  • This quiz has been taken 13 times
    (4 since last reset)
  • The average score is 6 of 18

Answer Stats

HintAnswer% Correct
The nemesis of Little Red Riding hoodBig Bad Wolf
100%
Daniel Hillard disguises himself as this nanny to see his childrenMrs Doubtfire
75%
A crossdressing woman who became pope, according to legendPope Joan
75%
Dustin Hoffman's character reinvents himself as Dorothy Michaels in this filmTootsie
75%
French hero and warrior in the Hundred Year's WarJoan of Arc
50%
A theory exists that this famous queen actually died as a child and was hastily replaced with a farmboy who looked similarElizabeth I
50%
Rocky Horror character portrayed by Tim CurryDr. Frank 'n' Furter
50%
Chinese legendary warrior who took her father's place in a war, refusing any reward for saving ChinaHua Mulan
50%
British ceramic artistGrayson Perry
25%
Swedish Queen who converted to CatholicismChristina
0%
Crossdressing Chinese spy who deceived his husband for 20 years, inspired the play M. ButterflyShi Pei-Pu
0%
English pirate in the 18th century, partner of Anne BonnyMary Read
0%
Soldier who fought in the American Revolutionary War under the name Robert ShirtliffDeborah Sampson
0%
French spy who posed as the handmaided of Empress Elizabeth of RussiaChevalier d'Éon
0%
Ukrainian entertainer who made Belarussian dictator Lukashenko get up and danceVerka Serduchka
0%
Lebanese Christian saint who posed as a monk, and was accused of impregnating a girlMarina the Ascetic
0%
English journalist who posed as a soldier to write about the frontline of WW1Dorthy Lawrence
0%
Queen of Egypt who dressed and posed as a male pharaohHatshepsut
0%

Score Distribution

Percentile by Number Answered

Percent of People with Each Score

Your Score History

You have not taken this quiz since the last reset